Lí luận văn học

Trình bày các vấn đề về tiến trình văn học; thời đại, trào lưu, phương pháp sáng tác, phong cách văn học; phương pháp sáng tác trong văn học cận đại phương Tây và văn học cổ đại phương Đông; chủ nghĩa hiện thực thế kỷ XX và chủ nghĩa hiệ...

ver descrição completa

Na minha lista:
Detalhes bibliográficos
Autor principal: Phương, Lựu
Formato: Livro
Idioma:Undetermined
Publicado em: Hà Nội Đại học Sư phạm Hà Nội 2008
Assuntos:
Tags: Adicionar Tag
Sem tags, seja o primeiro a adicionar uma tag!
Thư viện lưu trữ: Trung tâm Học liệu Trường Đại học Cần Thơ
LEADER 01153nam a2200241Ia 4500
001 CTU_140755
008 210402s9999 xx 000 0 und d
020 |c 37000 
082 |a 801.95 
082 |b L566/T.3 
100 |a Phương, Lựu 
245 0 |a Lí luận văn học 
245 0 |c Phương Lựu (chủ biên), La Khắc Hòa, Trần Mạnh Tiến 
260 |a Hà Nội 
260 |b Đại học Sư phạm Hà Nội 
260 |c 2008 
520 |a Trình bày các vấn đề về tiến trình văn học; thời đại, trào lưu, phương pháp sáng tác, phong cách văn học; phương pháp sáng tác trong văn học cận đại phương Tây và văn học cổ đại phương Đông; chủ nghĩa hiện thực thế kỷ XX và chủ nghĩa hiện đại 
526 |a Tiến trình văn học 
526 |b SP531 
650 |a Literature,Literature,Văn học 
650 |x History and criticism,Philosophy,Lý luận và phê bình 
904 |i Hạ Nguyên 
980 |a Trung tâm Học liệu Trường Đại học Cần Thơ